• 首页
  • 本馆介绍
  • 公告通知
  • 最新文献
  • 馆藏检索
  • 电子资源
  • 读者导购
  • 参考咨询
  • 我的图书馆
  • 登录
  • 详细信息显示
  • 放入我的书架
  • 预约/预借图书
  • 作者相关作品
  • 分类相关作品
  • 丛书相关作品
  • 出版社相关作品

书目信息

  • 表格格式
  • 工作单格式
  • 卡片格式
题名:
中、小提琴教学艺术的理论体系研究
    
 
作者: 柯曦 著
分册:  
出版信息: 成都   四川大学出版社  2014.4
页数: 179页
开本: 21cm
丛书名:
单 册:
中图分类: J622.26
科图分类:
主题词: 中提琴--Zhong Ti Qin--奏法--教学研究 , 奏法--Zou Fa , 教学研究--Jiao Xue Yan Jiu
电子资源:
ISBN: 978-7-5614-7458-7
000 00938nam0 22002651 450
001 350639
005 20161013093303.64
010    @a978-7-5614-7458-7@dCNY38.00
100    @a20140402d2014 em y0chiy50 ea
101 0  @achi
102    @aCN@b510000
105    @aa z 000yy
106    @ar
200 1  @a中、小提琴教学艺术的理论体系研究@AZhong Xiao Ti Qin Jiao Xue Yi Shu De Li Lun Ti Xi Yan Jiu@f柯曦著
210    @a成都@c四川大学出版社@d2014.4
215    @a179页@c照片@d21cm
300    @a四川省教育厅课题研究项目
330    @a本书通过回顾和总结中、小提琴教学理论发展的历史,介绍和分析国外先进的中、小提琴教学理论研究,以理清中、小提琴教学理论未来发展的方向和趋势。
606 0  @a中提琴@AZhong Ti Qin@x奏法@x教学研究
606 0  @a奏法@AZou Fa
606 0  @a教学研究@AJiao Xue Yan Jiu
690    @aJ622.26@v5
701  0 @a柯曦@AKe Xi@c(女,@f1976~)@4著
801  0 @aCN@bTANGWEI@c20160805
905    @b0891040-4@dJ622.26@e283@f5
    
    中、小提琴教学艺术的理论体系研究/柯曦著.-成都:四川大学出版社,2014.4
    179页:照片;21cm
    四川省教育厅课题研究项目
    
    ISBN 978-7-5614-7458-7:CNY38.00
    本书通过回顾和总结中、小提琴教学理论发展的历史,介绍和分析国外先进的中、小提琴教学理论研究,以理清中、小提琴教学理论未来发展的方向和趋势。
●
相关链接 在E读中查询图书 在五车中查询图书 在当当中查询图书 在豆瓣中查询图书


正题名:中、小提琴教学艺术的理论体系研究     索取号:J622.26/283         预约/预借

序号 登录号 条形码 馆藏地/架位号 状态 备注
1 0891040   208910400   第一样本阅览室/ [索取号:J622.26/283] 在馆    
2 0891041   208910419   第一借阅区/ [索取号:J622.26/283] 在馆    
3 0891042   208910428   第一借阅区/ [索取号:J622.26/283] 在馆    
4 0891043   208910437   第一借阅区/ [索取号:J622.26/283] 在馆    
5 0891044   208910446   第一借阅区/ [索取号:J622.26/283] 在馆    
唐山师范学院图书馆 欢迎您!
大连网信软件有限公司© 版权所有